[Event "Moscow-ch op sf"]
[Site "Moscow"]
[Date "2007.03.24"]
[Round "9"]
[White "Teleshinin, Oleg"]
[Black "Stekolnikov, Alexandr"]
[Result "0-1"]
[WhiteElo "2073"]
[BlackElo "2192"]
[PlyCount "82"]
[EventDate "2007.03.05"]
[EventType "swiss"]
[EventRounds "9"]
[EventCountry "RUS"]
[SourceTitle "EXT 2022"]
[Source "ChessBase"]
[SourceDate "2021.10.06"]
[SourceVersion "1"]
[SourceVersionDate "2021.10.06"]
[SourceQuality "1"]

1. e4 e6 2. d4 d5 3. e5 c5 4. c3 Qb6 5. Nf3 Bd7 6. a3 c4 7. Nbd2 Nc6 8. b3 cxb3 9. Nxb3 Na5 10. Nxa5 Qxa5 11. Bd2 Qa4 12. Qb1 b6 13. Bd3 h6 14. 0-0 Ne7 15. Rc1 Rc8 16. Rc2 g6 17. Nh4 Nf5 18. Bxf5 gxf5 19. g3 Bb5 20. Rc1 Rc7 21. Ng2 Kd7 22. Bf4 Bg7 23. Bd2 Qa6 24. Re1 Rc4 25. Ne3 Ra4 26. Nxd5 Bd3 27. Nb4 Bxb1 28. Nxa6 Be4 29. Nb4 a5 30. f3 Bxf3 31. Nd3 Rc4 32. Nf4 h5 33. Kf2 Be4 34. h4 Bh6 35. Ke2 Bxf4 36. gxf4 Rg8 37. Rg1 Rg4 38. Rxg4 fxg4 39. Ke3 Bd5 40. Be1 g3 41. Bxg3 Rxc3+ 0-1

[Event "Moscow RGUFK Rating 05"]
[Site "Moscow"]
[Date "2007.??.??"]
[Round "4"]
[White "Eliseev, Stanislav"]
[Black "Teleshinin, Oleg"]
[Result "0-1"]
[WhiteElo "2111"]
[BlackElo "2087"]
[PlyCount "94"]
[EventDate "2007.05.11"]
[EventType "tourn"]
[EventRounds "9"]
[EventCountry "RUS"]
[SourceTitle "EXT 2022"]
[Source "ChessBase"]
[SourceDate "2021.10.06"]
[SourceVersion "1"]
[SourceVersionDate "2021.10.06"]
[SourceQuality "1"]

1. e4 c5 2. Nf3 e6 3. d4 cxd4 4. Nxd4 Nc6 5. Nc3 Qc7 6. a3 Nf6 7. Be3 a6 8. Be2 Be7 9. 0-0 0-0 10. Kh1 d6 11. f4 Nxd4 12. Bxd4 e5 13. Be3 exf4 14. Bxf4 Be6 15. Nd5 Bxd5 16. exd5 Nd7 17. c3 f5 18. Bd3 g6 19. Re1 Ne5 20. Rc1 Bf6 21. Rc2 Rac8 22. c4 Rfe8 23. Ree2 Qa5 24. Be3 Ng4 25. Bg1 Be5 26. Qc1 Qd8 27. g3 Rf8 28. b4 f4 29. h3 f3 30. Re4 Nf6 31. Bf2 Nxe4 32. Bxe4 Qd7 33. Kh2 Qe7 34. Qe3 h5 35. Kg1 h4 36. gxh4 Qd7 37. Bxf3 Qf5 38. Be4 Qf6 39. c5 Kg7 40. c6 bxc6 41. dxc6 Rh8 42. a4 Rhe8 43. b5 d5 44. Qa7+ Re7 45. Qxa6 Rf8 46. Bg2 Bd4 47. Bxd4 Qxd4+ 0-1

[Event "Moscow RGUFK Rating 05"]
[Site "Moscow"]
[Date "2007.??.??"]
[Round "1"]
[White "Eliseev, Urii"]
[Black "Teleshinin, Oleg"]
[Result "1/2-1/2"]
[WhiteElo "2036"]
[BlackElo "2087"]
[PlyCount "62"]
[EventDate "2007.05.11"]
[EventType "tourn"]
[EventRounds "9"]
[EventCountry "RUS"]
[SourceTitle "EXT 2022"]
[Source "ChessBase"]
[SourceDate "2021.10.06"]
[SourceVersion "1"]
[SourceVersionDate "2021.10.06"]
[SourceQuality "1"]

1. e4 c5 2. Nf3 e6 3. d4 cxd4 4. Nxd4 Nc6 5. Nc3 Qc7 6. Be2 Nf6 7. 0-0 a6 8. Be3 Bb4 9. Na4 b5 10. Nxc6 dxc6 11. Bc5 bxa4 12. Bxb4 c5 13. Bc3 Nxe4 14. Bxg7 Rg8 15. Bh6 Bb7 16. f3 Nd6 17. c3 Qc6 18. Bf4 Nf5 19. Bd3 0-0-0 20. Qc2 Nh4 21. Bg3 Ng6 22. Be4 Qb6 23. Qxa4 f5 24. Bxb7+ Kxb7 25. Rad1 Kc8 26. b4 cxb4+ 27. Bf2 Qb5 28. Qxb4 Qxb4 29. cxb4 Nf4 30. g3 Nd5 31. Bc5 Kb7 1/2-1/2

[Event "Moscow RGUFK Rating 05"]
[Site "Moscow"]
[Date "2007.??.??"]
[Round "2"]
[White "Pokhlebin, Sergej"]
[Black "Teleshinin, Oleg"]
[Result "0-1"]
[WhiteElo "2058"]
[BlackElo "2087"]
[PlyCount "68"]
[EventDate "2007.05.11"]
[EventType "tourn"]
[EventRounds "9"]
[EventCountry "RUS"]
[SourceTitle "EXT 2022"]
[Source "ChessBase"]
[SourceDate "2021.10.06"]
[SourceVersion "1"]
[SourceVersionDate "2021.10.06"]
[SourceQuality "1"]

1. e4 c5 2. Nf3 e6 3. d4 cxd4 4. Nxd4 Nc6 5. Nc3 Qc7 6. Ndb5 Qb8 7. Be3 a6 8. Bb6 axb5 9. Nxb5 Bb4+ 10. c3 Ba5 11. Nc7+ Qxc7 12. Bxc7 Bxc7 13. Qg4 g6 14. Bd3 Ne5 15. Qe2 Ne7 16. Bc2 N5c6 17. 0-0 d5 18. g3 0-0 19. h4 dxe4 20. Bxe4 e5 21. g4 Be6 22. g5 f5 23. Bd3 Kh8 24. Bc4 Bc8 25. Rfd1 f4 26. f3 Nf5 27. Qh2 Ne3 28. h5 Bb6 29. Kh1 gxh5 30. Qxh5 Bf5 31. Rd7 Bg6 32. Rxh7+ Bxh7 33. g6 Kg7 34. Qxh7+ Kf6 0-1